000 00734nam a2200265Ia 4500
003 OSt
005 20221006140719.0
006 a|||||r|||| 00| 0
007 ta
008 221006b |||||||| |||| 00| 0 jpn d
020 _c¥3500
024 _a451
037 _bGift, Japan Foundation
_cTextual
040 _aEASL
_cEASL
_bjpn
041 _2jpn
_ajpn
082 _aZ42,115.N9, N5
100 _aTAKAHASHI Tamotsu
_9643271
245 0 _aHoritsu de mikru josei no genzai
260 _aKyoto
_bMineruwa (Minerva) Shobo Japan
_c1995
300 _a480p.
_ccm.
490 _v JL
650 _aJL
942 _hZ42,115.N9, N5
_cTEXL
_2CC
999 _c1068538
_d1068538